| 000 | 00666nam a22002057a 4500 | ||
|---|---|---|---|
| 999 |
_c8684 _d8684 |
||
| 003 | AR-CdUCM | ||
| 008 | 190325b ||||| |||| 00| 0 spa d | ||
| 040 |
_aMUNICIPALIDAD PROVINCIAL DEL CUSCO _cBIBLIOTECA MUNICIPAL DEL CUSCO |
||
| 082 |
_a869.56 / _bAV91 |
||
| 100 |
_aAvendaño, Angel _9875 |
||
| 245 | _aLos cuervos de San Antonio / | ||
| 260 |
_aLima : _bEdiciones Antawara, _c1989. |
||
| 300 |
_a203 páginas ; _c20 cm. |
||
| 650 |
_aNarrativa peruana - Cusco _911276 |
||
| 650 |
_aNovelas cusqueñas _924266 |
||
| 650 |
_aAutores cusqueños contemporáneos _924267 |
||
| 650 |
_aNovelas peruanas - Cusco _924268 |
||
| 942 |
_2ddc _cLIBROS |
||
| 945 | _alccs | ||